| 000 | 00808nam a2200205Ia 4500 | ||
|---|---|---|---|
| 001 | Z_5241 | ||
| 008 | 220601s9999 xx 000 0 und d | ||
| 090 | _aTesis C 1859 | ||
| 100 |
_aChan Díaz, David Jesús _921809 |
||
| 245 | _aRespuesta productiva y mortalidad por síndrome ascítico de pollos de engorda sometidos a tres alimentos comerciales sin restricción alimenticia / por David Jesús Chan Díazesus Chan Díaz | ||
| 260 | _aChapingo, Méx. : El autor | ||
| 300 | _a29 h. | ||
| 502 | _aTesis (Ing. Agr. Esp. en Zootecnia) -- UACH. Departamento de Zootecnia | ||
| 650 |
_a1. Pollos - Engorda 2. Pollos - Alimentación 3. AscitisÌ _9182131 |
||
| 901 | _aTESIS C 1859 | ||
| 902 | _aM | ||
| 905 | _a0000002005 0000000000 00 | ||
| 942 | _c2 | ||
| 999 |
_c216953 _d216953 |
||